00626nam a2200193Ia 4500008004100000020001400041082001500055100002500070245006300095250000700158260004500165300002500210500000700235600003300242650002400275942000700299952010900306999001700415240925s9999 xx 000 0 und d a297774670 a796.44 BRO aBrookes, Christopher 0aEnglish Cricket: the game and its players through the ages aNA aLondon:bWeidenfeld and Nicolsonc,1978. a292p.bN.AfOriginal aNA aHumanities & Natural Science aArts and Recreation cBK 001040708HUMaUITUbUITUd2012-12-18eGiftl0o796.44 BROpQ9511r2024-09-25 07:15:21w2024-09-25yBK c12010d12010